Normal view MARC view

Entry Personal Name

Number of records used in: 1

001 - CONTROL NUMBER

  • control field: 42974

003 - CONTROL NUMBER IDENTIFIER

  • control field: dpl

005 - DATE AND TIME OF LATEST TRANSACTION

  • control field: 20120224163023.0

008 - FIXED-LENGTH DATA ELEMENTS

  • fixed length control field: 120224|||a|||||| | ||| d

040 ## - CATALOGING SOURCE

  • Original cataloging agency: dpl
  • Transcribing agency: dpl

100 ## - HEADING--PERSONAL NAME

  • Personal name: Olle, James G.

670 ## - SOURCE DATA FOUND

  • Source citation: Work cat.: (dpl): Olle, James G., Outlines of modern librarianship :, 1979

670 ## - SOURCE DATA FOUND

  • Source citation: Work cat.: (dpl): Olle, James G., Outlines of modern librarianship :, 1979

© Delhi Public Library
Hit Counter
free hit counter